Revitalizácia priestoru pod Mostom SNP

Enregistré dans:
Détails bibliographiques
Auteur principal: Samek, Nikki (Auteur)
Autres auteurs: Majorošová, Martina (Directeur de thèse)
Format: Manuscrit Livre
Langue:slovaque
Publié: 2023
Sujets:
Accès en ligne:http://is.stuba.sk/zp/portal_zp.pl?podrobnosti=159872
https://opac.crzp.sk/?fn=detailBiblioForm&sid=0A15AC6E5E2ED0F3D4D2CD342BCF
Tags: Ajouter un tag
Pas de tags, Soyez le premier à ajouter un tag!

MARC

LEADER 00000ntm a22000003a 4500
001 stuzp90220
003 SK-STU
005 20230921112139.3
007 ta
008 150427s2015----xo-----f-mn---000-0-slo-d
040 |a STU  |b slo 
041 0 |a slo 
100 1 |a Samek, Nikki  |u 010160  |4 aut  |U SvF Stavebná fakulta  |T SvF Katedra vodného hospodárstva krajiny  |X 106073  |U V160  |Y 16  |7 106073 
242 0 1 |a Revitalisation of the area under the Bridge SNP  |y eng 
245 1 0 |a Revitalizácia priestoru pod Mostom SNP 
260 |c 2023 
650 4 |a podmostie  |2 slo 
650 4 |a trávnaté vyvášeniny  |2 slo 
650 4 |a pochôdzna fontána  |2 slo 
650 4 |a revitalizácia  |2 slo 
650 4 |a revitalisation  |2 eng 
650 4 |a dry fountain  |2 eng 
650 4 |a grass mound  |2 eng 
650 4 |a under bridge  |2 eng 
700 1 |a Majorošová, Martina  |u 010160  |k Z1  |4 ths  |U SvF Stavebná fakulta  |T SvF Katedra vodného hospodárstva krajiny  |X 68887  |U V160  |Y 16  |7 A000068887 
856 4 |u http://is.stuba.sk/zp/portal_zp.pl?podrobnosti=159872 
856 4 |u https://opac.crzp.sk/?fn=detailBiblioForm&sid=0A15AC6E5E2ED0F3D4D2CD342BCF